000 00506nam a22001697a 4500
999 _c14174
_d14174
008 180410b xxu||||| |||| 00| 0 eng d
020 _a9780255365987
050 _aHB501
_bSEL 2007
100 _aSeldon, Arthur
245 _aCapitalism:
_ba condensed version/
_cArthur Seldon
260 _aLondon:
_bThe Institute of Economics Affrairs,
_c2007.
300 _a85 p.:
_c15 cm.
440 _aOccasional Paper 140
500 _aIncludes bibliographic reference.
650 _vCapitalism.
942 _2lcc
_cBK